000 00458nam a2200181Ia 4500
003 OSt
005 20260130142349.0
008 210210b1948 xxu||||| |||| 00| 0 eng d
040 _cAL
041 _aKannada
082 _a853/213
100 _aPARVATAVANI
_9161255
_dಪರ್ವತವಾಣಿ
245 _aHana haddu:
_bಹಣ ಹದ್ದು
260 _aBengaluru
_b-
_c1948
690 _aKannada Drama
_9161256
906 _a019483
942 _2ddc
_cBK
999 _c143601
_d143601